[Event "Washington Open Championship"]
[Site "SeaTac City, WA"]
[Date "2012.05.26"]
[Round "2"]
[White "Zhang Brendan  (WA)"]
[Black "Richards Jerrold  (WA)"]
[Result "1-0"]
[WhiteElo "1424"]
[BlackElo "1310"]
[Annotator ""]
[Source ""]
[Remark "Reserve"]

1.d4 d5 2.c4 Nf6 3.Nf3 g6 4.Nc3 e6 5.Bf4 a6 6.e3 Bg7 7.cxd5 Nxd5
8.Nxd5 Qxd5 9.Bxc7 O-O 10.a3 Nd7 11.Rc1 b5 12.g3 Bb7 13.Bg2 Qe4
14.Nh4 Qxh4 15.gxh4 Bxg2 16.Rg1 Bd5 17.h5 Rac8 18.hxg6 hxg6 19.h4
Nf6 20.Be5 Nh5 21.Bxg7 Kxg7 22.Ra1 Be4 1-0

[Event "Washington Open Championship"]
[Site "SeaTac City, WA"]
[Date "2012.05.28"]
[Round "5"]
[White "Cummings Cameron  (WA)"]
[Black "Varner Murlin  (WA)"]
[Result "0-1"]
[WhiteElo "1443"]
[BlackElo "1500"]
[Annotator ""]
[Source ""]
[Remark "Reserve"]

1.e4 e6 2.d4 d5 3.e5 Nc6 4.c3 Be7 ( 4...f6 ) 5.Nf3 Nh6 6.Bxh6
( 6.Bxh6 gxh6 7.g3 f6 8.exf6 Bxf6 9.Bg2 Qe7 10.Nbd2 e5 11.dxe5
Nxe5 12.Nxe5 Qxe5+ 13.Qe2 Qxe2+ 14.Kxe2 Be6 15.Rhe1 O-O-O 16.Kf1
Bf7 17.Nf3 Bh5 18.Nd4 Bg5 19.f4 Bf6 20.Re6 Bg7 21.Bh3 Kb8 22.g4
Bf7 23.Re7 Rhf8 24.Kg2 Bf6 25.Re2 Bxd4 26.cxd4 Rg8 27.Re7 Be8
28.Rxh7 h5 29.g5 Bg6 30.Re7 Be4+ 31.Kg3 Rh8 32.Kf2 Rdf8 33.Ke3
Re8 34.Rxe8+ Rxe8 35.Kf2 Bd3 36.Re1 Rf8 37.Ke3 Be4 38.a3 Bg6
39.Bf1 Re8+ {1-0, Hulpia Fabian - Vesters Tom, Hengelo (Netherlands) 2002}
) gxh6 7.Bd3 f6 8.Qc2 fxe5 9.dxe5 Bg5 10.Bxh7 Qe7 11.Bg6+ Kd7
12.O-O b5 13.Re1 Bb7 14.a4 b4 15.Bd3 Raf8 16.Nbd2 Rhg8 17.Rad1
Bxd2 18.Nxd2 Qg5 19.Be4 {?} ( 19.g3 ) Kc8 20.Bf3 Rxf3 21.g3 Rf5
22.Rf1 Nxe5 23.cxb4 Nf3+ 24.Nxf3 Rxf3 25.Qe2 Qg4 26.Qe5 Qf5 27.Qd4
Rg4 ( 27...Kb8 ) 28.Qd2 Qg6 29.Rc1 d4 30.Rfe1 Rfxg3+ 31.fxg3
Rxg3+ 32.hxg3 Qxg3+ 33.Kf1 Qh3+ 34.Kg1 Qh1+ 35.Kf2 Qg2# 0-1

[Event "Washington Open Championship"]
[Site "SeaTac City, WA"]
[Date "2012.05.27"]
[Round "4"]
[White "Buzek Jan  (WA)"]
[Black "Richards Jerrold  (WA)"]
[Result "1-0"]
[WhiteElo "1621"]
[BlackElo "1310"]
[Annotator ""]
[Source ""]
[Remark "Reserve"]

1.e4 e6 2.d4 d5 3.exd5 exd5 4.Bd3 Nf6 5.Bg5 Nc6 6.Nf3 Bg4 7.c3
Qe7+ 8.Qe2 Qxe2+ 9.Bxe2 Ne4 10.Bf4 Bd6 11.Bxd6 Nxd6 12.Nbd2 O-O
13.O-O Ne4 14.Bd3 Nxd2 15.Nxd2 Rfe8 16.Rae1 Ne7 17.f4 Bf5 18.Bxf5
Nxf5 19.Re5 Rxe5 20.fxe5 g6 21.Nf3 Ng7 22.Ng5 h6 23.Nh3 Nf5 24.Nf2
h5 25.Nd3 c6 26.Nc5 b6 27.Nd7 Rc8 28.Nf6+ Kg7 29.Nxh5+ gxh5 30.Rxf5
Kg6 31.Rf6+ Kg7 32.Rd6 a5 33.a4 b5 34.axb5 cxb5 35.Rxd5 b4 36.Rxa5
bxc3 37.bxc3 Rxc3 38.h3 Kg6 39.d5 Kf5 40.e6 fxe6 41.dxe6+ Kxe6
42.Rxh5 Kf6 43.Kh2 Kg6 44.Rd5 Rc1 45.h4 Kh6 46.g4 Kg6 47.Kh3
Kh6 48.Rd6+ Kh7 49.h5 Rc4 50.Kg3 Kg7 51.Kh4 Rc1 52.h6+ Kh7 53.Kh5
Rc5+ 54.g5 Rc7 55.g6+ Kh8 56.Rd8# 1-0

[Event "Washington Open Championship"]
[Site "SeaTac City, WA"]
[Date "2012.05.28"]
[Round "5"]
[White "Jacobson Laura  (WA)"]
[Black "Nagaraj Kedar  (WA)"]
[Result "1-0"]
[WhiteElo "889"]
[BlackElo "629"]
[Annotator ""]
[Source ""]
[Remark "Booster"]

1.d4 d5 2.c4 e6 3.Nc3 dxc4 4.e4 Bb4 5.Bxc4 b6 6.Nf3 Bb7 7.Qd3
Ne7 8.Bg5 f6 9.Be3 Bxc3+ 10.bxc3 Ng6 11.Bxe6 c5 12.Bc4 Nd7 13.O-O
Qc7 14.Rfe1 O-O-O 15.Be6 Kb8 16.Bf7 Nf4 17.Bxf4 Qxf4 18.Bd5 Bxd5
19.exd5 cxd4 20.Nxd4 Kb7 21.Ne6 Ne5 22.Nxd8+ Rxd8 23.Qxh7 Qg5
24.Qe4 Re8 25.f4 Qh5 26.fxe5 Rh8 27.d6+ Kc8 28.Rad1 Qxh2+ 29.Kf2
Rh4 30.Qc6+ Kd8 31.Qa8+ Kd7 32.e6# 1-0

[Event "Washington Open Championship"]
[Site "SeaTac City, WA"]
[Date "2012.05.28"]
[Round "5"]
[White "Smith Andrew  (WA)"]
[Black "Webb Delmar  (WA)"]
[Result "0-1"]
[WhiteElo "988"]
[BlackElo "1748"]
[Annotator ""]
[Source ""]
[Remark "Open"]

1.e4 g6 2.d4 Bg7 3.Nf3 c6 4.Bc4 d5 5.exd5 cxd5 6.Bb3 Bg4 7.c3
Nf6 8.h3 Bxf3 9.Qxf3 ( 9.Qxf3 e6 10.Bf4 Nc6 11.Nd2 a6 12.g4 b5
13.h4 h5 14.g5 Ng8 15.a4 Nge7 16.Bc2 e5 17.dxe5 Bxe5 18.Bxe5
Nxe5 19.Qf6 O-O 20.Qxe5 Nc6 21.Qf4 Re8+ 22.Kf1 d4 23.Ne4 Re7
24.Nf6+ Kh8 25.Be4 Rc8 26.axb5 axb5 27.Bxc6 Rxc6 28.Qxd4 Rd6
29.Qxd6 Qf8 30.Ra7 {1-0, Reznikov Emmanouil (GER) 2071 - Thonig Manfred (GER) 1789, Naumburg (Germany) 2002.10.21}
) e6 10.Be3 O-O 11.c4 Nc6 12.Nc3 Na5 13.cxd5 Nxb3 14.axb3 Nxd5
15.Nxd5 Qxd5 16.Qxd5 exd5 17.O-O Rfc8 18.Ra5 Rd8 19.Rc5 Bf8 20.Rc7
b6 21.Rfc1 Bd6 22.R7c6 Kg7 23.g4 h6 24.f4 f5 25.Kg2 Rd7 26.Kf3
Re8 27.gxf5 gxf5 28.Bf2 Re4 29.Be3 Kf7 30.R1c2 Kg6 31.Rg2+ Kh5
32.h4 Rde7 33.Rxd6 Rxe3+ 34.Kf2 Rxb3 35.Kf1 Rc7 36.Kg1 Rf3 37.Rxd5
Rxf4 38.Re5 Rc1+ 39.Kh2 Rxh4+ 40.Kg3 Rg4+ 41.Kf3 Rf1+ 42.Ke2
Rxg2+ 43.Kxf1 Rd2 44.Rxf5+ Kg4 45.Rf7 a5 46.Rf6 Rxb2 47.Rxh6
a4 48.Rc6 a3 49.Rc1 a2 0-1

[Event "Washington Open Championship"]
[Site "SeaTac City, WA"]
[Date "2012.05.28"]
[Round "5"]
[White "Campbell Tim  (WA)"]
[Black "He Daniel  (WA)"]
[Result "0-1"]
[WhiteElo "1730"]
[BlackElo "1950"]
[Annotator ""]
[Source ""]
[Remark "Open"]

1.e4 c5 2.Nf3 a6 3.d4 cxd4 4.Nxd4 Nf6 5.Nc3 e5 6.Nf3 Bb4 7.Bd2
O-O 8.Bc4 d6 9.Nd5 Bxd2+ 10.Nxd2 Be6 11.Nxf6+ ( 11.O-O Nc6 12.c3
Bxd5 13.Bxd5 Nxd5 14.exd5 Ne7 15.Qb3 b5 16.Rad1 f5 17.Nf3 Ng6
18.g3 f4 19.h4 fxg3 20.fxg3 Qd7 21.Qc2 Qg4 22.Qg2 h6 23.Nd2 Ne7
24.Ne4 Nf5 25.Rd3 Rf7 26.Qf3 Qxf3 27.Rdxf3 Raf8 28.R1f2 Ne7 29.Rxf7
Rxf7 30.Rxf7 Kxf7 31.Nxd6+ Kf8 32.c4 bxc4 33.Nxc4 Nxd5 34.Nxe5
Ke7 35.Nd3 Kd6 36.Kf2 Ne7 37.Kf3 a5 38.Ke4 Nc6 39.h5 {1-0, Duran Leon Ramon 2119 - Aguilar Juan (PER) 2309, Malaga (Spain) 1984.03.31}
) Qxf6 12.Bb3 Nc6 13.c3 Rad8 14.Nf1 Qg6 15.Ng3 Ne7 16.O-O d5
17.Qd3 Nc6 18.Rad1 d4 19.Nf5 Bxf5 20.exf5 Qf6 21.Bc2 Rd6 22.f4
Rfd8 23.fxe5 Nxe5 24.Qg3 d3 25.Bb1 d2 26.Rf2 Nc4 27.Qf4 b5 28.b3
Na3 29.Be4 Qxc3 30.f6 Rxf6 {?!} ( 30...Qxf6 ) 31.Rfxd2 Rf8 32.Qh4
Qe3+ 33.Kh1 h6 34.Rd8 g5 35.Rxf8+ Kxf8 36.Qg4 Kg7 37.h4 {??}
Rf4 38.Qxf4 Qxf4 39.Bf3 g4 40.Be2 Nc2 41.a4 Ne3 42.Rg1 g3 43.Rf1
Qxh4+ 44.Kg1 Qh2# 0-1

[Event "Washington Open Championship"]
[Site "SeaTac City, WA"]
[Date "2012.05.28"]
[Round "6"]
[White "Varner Murlin  (WA)"]
[Black "Zhang Derek  (WA)"]
[Result "1/2-1/2"]
[WhiteElo "1500"]
[BlackElo "1522"]
[Annotator ""]
[Source ""]
[Remark "Reserve"]

1.c4 f5 2.d4 b6 3.Nf3 Nf6 4.Bg5 ( 4.g3 ) e6 5.e3 Bb4+ 6.Nbd2
Bb7 7.Be2 O-O 8.O-O ( 8.a3 Be7 9.Bxf6 Bxf6 10.O-O d6 11.Re1 Nd7
12.Bd3 g5 13.Nb3 g4 14.Nfd2 Qe8 15.e4 Qg6 16.exf5 exf5 17.Qc2
Bg7 18.Re7 Rad8 19.Rae1 Qh5 20.Nf1 f4 21.Be4 Bxe4 22.Qxe4 f3
23.Ne3 Nf6 24.Qf5 Qh4 25.Qe6+ Kh8 26.Rxg7 fxg2 27.Rf7 Rxf7 28.Qxf7
Ne4 29.Nxg2 Qh3 30.Re3 g3 31.fxg3 Qg4 32.Rxe4 Qxe4 33.Qf6+ Kg8
34.Qxd8+ Kg7 35.Qxc7+ Kf8 36.Qxd6+ Ke8 37.Qe5+ Qxe5 38.dxe5 Ke7
39.Nh4 Ke6 40.Nf3 h6 41.Kf2 a6 42.Ke3 h5 43.h3 a5 44.Nxa5 bxa5
45.b4 axb4 46.axb4 Kd7 47.Kd4 Kc6 48.b5+ Kd7 49.Kd5 Ke7 50.c5
Kd7 51.e6+ Kc7 52.b6+ Kd8 53.Kd6 h4 54.Nxh4 Kc8 55.e7 Kb7 56.e8Q
Ka6 57.Kc7 Ka5 58.b7 Kb4 59.b8Q+ Kc4 60.Qe4+ Kc3 61.Qbb4# {1-0, Juska K - Raupp H, Flint (USA) 1993}
) Bxd2 9.Qxd2 d6 10.Rad1 Nbd7 11.b4 h6 12.Bh4 g5 13.Bg3 Ne4 14.Qc2
h5 15.h4 g4 16.Nd2 Ndf6 17.Bd3 Qe7 18.Nxe4 Nxe4 19.Qb3 a5 20.a3
a4 21.Qb2 Nxg3 22.fxg3 c5 23.bxc5 bxc5 24.Qe2 Qf6 25.Rb1 Bc8
26.Rb6 cxd4 27.Rxd6 Qe5 28.Rxd4 Qxg3 29.Qf2 Qe5 30.Qf4 Qf6 31.Qg3
Rd8 32.Rxd8+ Qxd8 33.e4 Ra5 34.exf5 exf5 35.Rb1 {?}
( 35.Qe3 Kh7 36.c5 Qf8 37.Rc1 ) Qd4+ 36.Kh2 f4 37.Qe1 Re5 38.Qd2
g3+ 1/2-1/2

[Event "Washington Open Championship"]
[Site "SeaTac City, WA"]
[Date "2012.05.28"]
[Round "5"]
[White "Haining Kyle  (WA)"]
[Black "Iodice Art  (WA)"]
[Result "1-0"]
[WhiteElo "1784"]
[BlackElo "1822"]
[Annotator ""]
[Source ""]
[Remark "Open"]

1.e4 c5 2.Nf3 Nc6 3.d4 cxd4 4.Nxd4 Nf6 5.Nc3 e6 6.Be3 Bb4 7.Nxc6
bxc6 8.Qd3 O-O 9.f3 d5 10.O-O-O a5 11.a3 Be7 12.Na4 Nd7 13.Qc3
Qc7 14.exd5 exd5 15.Nc5 Nf6 16.Bd3 Re8 17.Bd4 Bxc5 18.Bxc5 Nd7
19.Rhe1 Re6 20.Bd4 c5 21.Kb1 Qb6 22.Bf2 d4 23.Qb3 Qxb3 24.cxb3
Ne5 25.Be4 Rb8 26.Bg3 Rxb3 27.Bxe5 1-0

[Event "Washington Open Championship"]
[Site "SeaTac City, WA"]
[Date "2012.05.28"]
[Round "6"]
[White "Golub David  (WA)"]
[Black "Roper David  (WA)"]
[Result "1/2-1/2"]
[WhiteElo "2188"]
[BlackElo "2360"]
[Annotator ""]
[Source ""]
[Remark "Open"]

1.d4 f5 2.g3 g6 3.Bg2 Bg7 4.Nc3 c6 5.e4 fxe4 6.Nxe4 d5 7.Ng5
Nf6 8.Ne2 h6 9.Nf3 g5 10.h4 g4 11.Ne5 Bf5 12.Nf4 Nbd7 13.O-O
Nxe5 14.dxe5 Nd7 15.e6 Nf6 16.Be3 Qd6 17.Re1 a5 18.Bd4 O-O 19.Nd3
Ne4 20.Bxg7 Kxg7 21.Nf4 Rad8 22.Qd4+ Kh7 23.c4 dxc4 24.Qxc4 Nd2
25.Qc3 Qd4 26.Rac1 Qxc3 27.Rxc3 Rd4 28.b3 Be4 29.Bxe4+ Nxe4 30.Rc4
Rxc4 31.bxc4 Nc5 32.Kf1 Rf5 33.Rd1 Kg7 34.Rd8 Re5 35.Re8 1/2-1/2

[Event "Washington Open Championship"]
[Site "SeaTac City, WA"]
[Date "2012.05.28"]
[Round "5"]
[White "Feng Roland  (WA)"]
[Black "Esler Brian  (OR)"]
[Result "1/2-1/2"]
[WhiteElo "2113"]
[BlackElo "2006"]
[Annotator ""]
[Source ""]
[Remark "Open"]

1.d4 Nf6 2.c4 g6 3.Nc3 Bg7 4.Bg5 h6 5.Bh4 O-O 6.e3 d6 7.Nf3 c5
8.Bd3 Nc6 9.d5 Nb4 10.h3 Bd7 11.a3 Nxd3+ 12.Qxd3 a6 13.O-O Rb8
14.a4 b6 15.Rfe1 Qc7 16.e4 Rbe8 17.Rad1 Nh5 18.Qd2 Qc8 19.Kh2
f6 20.Qe3 g5 21.Bg3 Nxg3 22.fxg3 g4 23.hxg4 Bxg4 24.Ne2 f5 25.Nf4
fxe4 26.Qxe4 Qf5 27.b3 Be5 28.Qxf5 Rxf5 29.Re4 Ref8 30.Rde1 Bxf3
31.gxf3 Bxf4 1/2-1/2

[Event "Washington Open Championship"]
[Site "SeaTac City, WA"]
[Date "2012.05.28"]
[Round "6"]
[White "Esler Brian  (OR)"]
[Black "Lee Megan  (WA)"]
[Result "0-1"]
[WhiteElo "2006"]
[BlackElo "2117"]
[Annotator ""]
[Source ""]
[Remark "Open"]

1.e4 e5 2.Nf3 Nc6 3.Bb5 a6 4.Ba4 Nf6 5.O-O b5 6.Bb3 Bc5 7.d3
d6 8.c3 Bb6 9.a4 Rb8 10.Na3 Bg4 11.axb5 axb5 12.h3 Bh5 13.Nxb5
O-O 14.Bc2 Qd7 15.Bg5 Kh8 16.Bb1 Qc8 17.Na3 Nd8 18.Nc4 Ne6 19.Bxf6
gxf6 20.Ne3 Bxe3 21.fxe3 Ng5 22.Kh2 Rxb2 23.Bc2 Rg8 24.Qc1 Bxf3
25.Rxf3 Nxf3+ 0-1

[Event "Washington Open Championship"]
[Site "SeaTac City, WA"]
[Date "2012.05.28"]
[Round "6"]
[White "Raptis Nick  (OR)"]
[Black "Pupols Viktors  (WA)"]
[Result "1-0"]
[WhiteElo "2200"]
[BlackElo "2235"]
[Annotator ""]
[Source ""]
[Remark "Open"]

1.Nf3 d5 2.g3 Nf6 3.Bg2 e6 4.O-O Be7 5.c4 Nbd7 6.d4 dxc4 7.Qa4
a6 8.Qxc4 b5 9.Qc6 Ra7 10.Bf4 Bb7 ( 10...Bb7 11.Qc2 Be4 12.Qc1
c5 13.dxc5 Bxc5 14.Nbd2 Bd5 15.Nb3 Bb6 16.Qc3 O-O 17.Rad1 Qa8
18.Ne1 Ne4 19.Bxe4 Bxe4 20.Be3 Rc8 21.Qd2 Rac7 22.Bxb6 Nxb6 23.Rc1
Nc4 24.Qc3 a5 25.Nf3 b4 26.Qd4 Rd8 27.Rxc4 Rxd4 28.Rxc7 Rd8 29.Rfc1
Bxf3 30.exf3 Qxf3 31.Nd4 Qf6 32.Nc6 Re8 33.b3 h5 34.h4 Ra8 35.Rc5
Qf3 36.Ne5 Qd1+ 37.Kg2 f6 38.Ng6 e5 39.Ne7+ Kh7 40.Nf5 Rg8 41.Rxa5
Qd3 42.Ne3 Qe4+ 43.Kg1 Ra8 44.Rxa8 Qxa8 45.Nf5 Qxa2 46.Nxg7 Qxb3
47.Nxh5+ Kg6 48.g4 Qd1+ 49.Kg2 Qxg4+ 50.Ng3 Qxh4 51.Rg7+ Kxg7
52.Nf5+ Kh7 53.Nxh4 e4 {0-1, Rojo Gomez Jorge (ESP) 2305 - Rodriguez Orestes (ESP) 2425, Ampuriabrava (Spain) 1997}
) 11.Qc2 Be4 12.Qc1 O-O 13.Nbd2 Bd5 14.Qc2 Qa8 15.Nb3 Be4 16.Qd2
Nd5 17.Rac1 Bb4 18.Qd1 Nxf4 19.gxf4 Nf6 20.Nc5 Bd5 21.a3 Bxc5
22.Rxc5 Ne4 23.Rc1 Nf6 24.Ne1 Bxg2 25.Nxg2 Rd8 26.e3 Rd7 27.Qc2
Qf3 28.Qc5 Rb7 29.Qc6 Qxc6 30.Rxc6 Ra7 31.Ne1 Rd6 32.Rc2 Ne8
33.Nd3 f6 34.Rfc1 Kf7 35.Kg2 Rb7 36.Nc5 Ra7 37.Kf3 Ke7 38.Ra1
Ra8 39.Nb7 Rb6 40.Na5 Kd7 41.b4 Rc8 42.Rg1 f5 43.Rgc1 c6 44.Ke2
Nf6 45.Nb3 Nd5 46.Nc5+ Kd6 47.Kd3 Ra8 48.Nb3 Ra7 49.Rg1 Rc7 50.f3
Rf7 51.Na5 Rc7 52.Rcg2 g6 53.Rc1 Rb8 54.Rgc2 Rbc8 55.h4 Nf6 56.Rg1
Ke7 57.Rg5 Nd5 58.h5 Kf6 59.Rh2 Rg7 60.hxg6 hxg6 61.Rg1 Rgc7
62.Rgh1 Rg7 63.Rh8 Rcc7 64.Ra8 Ra7 65.Rhh8 Rgc7 66.Rhc8 Ne7 67.Rxc7
Rxa8 68.Nxc6 Nxc6 69.Rxc6 a5 70.d5 axb4 71.Rxe6+ Kf7 72.axb4
Ra1 73.Kd4 Rc1 74.Rc6 Rd1+ 75.Ke5 Rd3 76.Rc7+ Ke8 77.e4 Rxf3
78.Ke6 Kd8 79.Rd7+ Kc8 80.e5 Rxf4 81.Rg7 Rxb4 82.d6 Rd4 83.Ke7
b4 84.e6 f4 1-0

[Event "Washington Open Championship"]
[Site "SeaTac City, WA"]
[Date "2012.05.27"]
[Round "3"]
[White "Shaji Karthik  (WA)"]
[Black "Shakovets Sasha  (WA)"]
[Result "0-1"]
[WhiteElo "620"]
[BlackElo "577"]
[Annotator ""]
[Source ""]
[Remark "Booster"]

1.Nf3 Nf6 2.g3 b6 3.Bg2 Bb7 4.O-O d5 5.d3 g6 6.b3 Bg7 7.c4 O-O
8.Bb2 dxc4 9.bxc4 Nbd7 10.Nc3 e5 11.Rb1 Re8 12.Re1 Nc5 13.Qd2
e4 14.Nh4 Re7 15.Rbd1 Qe8 16.d4 Na4 17.Qc2 Nxb2 18.Qxb2 Ng4 19.h3
Nf6 20.c5 Rb8 21.Rc1 e3 22.fxe3 Bxg2 23.Nxg2 bxc5 24.Qd2 cxd4
25.exd4 Rd8 26.Qd3 Ne4 0-1

[Event "Washington Open Championship"]
[Site "SeaTac City, WA"]
[Date "2012.05.27"]
[Round "2"]
[White "Szabo Marcell  (WA)"]
[Black "Hendricks David  (WA)"]
[Result "1-0"]
[WhiteElo "1936"]
[BlackElo "1615"]
[Annotator ""]
[Source ""]
[Remark "Premier"]

1.e4 c5 2.Nf3 Nc6 3.d4 cxd4 4.Nxd4 Nf6 5.Nc3 e5 6.Ndb5 d6 7.Nd5
Nxd5 8.exd5 Ne7 9.c4 a6 10.Qa4 axb5 11.Qxa8 g6 12.Bg5 Qc7 13.Bf6
Rg8 14.Bxe7 Bxe7 15.cxb5 Qc2 16.Be2 Kd7 17.Qa3 Bg5 18.Qc3 Qe4
19.f3 Qxd5 20.Bc4 Bd2+ 21.Qxd2 Qxc4 22.Rd1 Qc5 23.b4 Qb6 24.a4
Rd8 25.a5 Qc7 26.Rc1 Qb8 27.b6 Ke6 28.O-O Bd7 29.f4 Bb5 30.Rf2
e4 31.f5+ Ke7 32.fxg6 hxg6 33.Qg5+ Kf8 34.Qxb5 d5 35.Rc7 f5 36.Qc5+ 1-0

[Event "Washington Open Championship"]
[Site "SeaTac City, WA"]
[Date "2012.05.27"]
[Round "2"]
[White "Feng Roland  (WA)"]
[Black "Jung Hubert  (WA)"]
[Result "1-0"]
[WhiteElo "2113"]
[BlackElo "1941"]
[Annotator ""]
[Source ""]
[Remark "Open"]

1.d4 d5 2.c4 c6 3.cxd5 cxd5 4.Nf3 Nc6 5.Nc3 Nf6 6.Bf4 a6 7.e3
Bf5 8.Rc1 e6 9.Qb3 Qd7 10.Ne5 Nxe5 11.Bxe5 Rc8 12.Be2 Be7 13.O-O
O-O 14.Na4 Rxc1 15.Rxc1 Rc8 16.Nc5 Bxc5 17.dxc5 Ne4
( 17...Ne4 18.Bd4 f6 19.f3 Nd6 20.Qd1 Nb5 21.a4 Nxd4 22.exd4
e5 23.b4 Qe6 24.Bf1 Bg6 25.Qd2 h6 26.b5 axb5 27.axb5 Kh7 28.Re1
Qd7 29.f4 exd4 30.Qxd4 Qc7 31.Rc1 Be4 32.g3 Qa5 33.Ra1 Qc7 34.Rc1
Qa5 35.c6 bxc6 36.bxc6 Qa3 37.Qc3 Qxc3 38.Rxc3 d4 39.Rc4 {1/2-1/2, Akobian Varuzhan (USA) 2600 - Bacrot Etienne (FRA) 2705, Canada de Calatrava (Spain) 2007.04.08}
) 18.Bd4 f6 19.f3 Ng5 20.h4 Nf7 21.g4 e5 22.Bxe5 Nxe5 23.gxf5
Qxf5 24.Qxd5+ Kh8 25.f4 Qh3 26.Rc3 Ng6 27.Qg2 Qxh4 28.Qxb7 Re8
29.Qf3 Qe1+ 30.Bf1 Qb1 31.Qf2 Qxa2 32.c6 Ne7 33.c7 Qe6 34.Qf3
Rc8 35.Bh3 ( 35.Qd1 ) f5 36.Bg2 {%02'time'} 1-0

[Event "Washington Open Championship"]
[Site "SeaTac City, WA"]
[Date "2012.05.26"]
[Round "2"]
[White "Bishop Alan  (WA)"]
[Black "Haining Kyle  (WA)"]
[Result "1-0"]
[WhiteElo "2029"]
[BlackElo "1784"]
[Annotator ""]
[Source ""]
[Remark "Open"]

1.e4 g6 2.d4 Bg7 3.Nc3 d6 4.Be3 Nf6 5.f3 O-O 6.Qd2 Nbd7 7.O-O-O
e5 8.Nge2 c6 9.Bh6 b5 10.h4 Qa5 11.h5 Re8 12.hxg6 fxg6 13.g4
Nf8 14.dxe5 dxe5 15.Bxg7 Kxg7 16.Qh6+ Kg8 17.Rd6 Be6 18.Ng3 b4
19.Nf5 Qc7 20.Rxc6 Qd7 21.Nd5 Nxd5 22.exd5 Bxf5 23.gxf5 Qxf5
24.Rc7 Qf4+ 25.Qxf4 exf4 26.Bc4 Red8 27.Re1 Rac8 28.d6+ Kh8 29.Ree7
h5 30.Rg7 Rxc7 31.dxc7 Re8 32.Re7 Rxe7 33.c8Q Kg7 34.Qc5 1-0

[Event "Washington Open Championship"]
[Site "SeaTac City, WA"]
[Date "2012.05.26"]
[Round "2"]
[White "Bannon David  (OR)"]
[Black "Saputra Yogi  (OR)"]
[Result "0-1"]
[WhiteElo "1852"]
[BlackElo "1749"]
[Annotator ""]
[Source ""]
[Remark "Premier"]

1.f4 Nf6 2.Nf3 d5 3.e3 c5 4.c3 g6 5.d4 Bg7 6.Bd3 Qc7 7.Ne5 Nc6
8.Nd2 Nxe5 9.fxe5 Ng4 10.Qe2 O-O 11.h3 Nh6 12.O-O f6 13.exf6
exf6 14.dxc5 Qxc5 15.Nb3 Qc7 16.Nd4 Nf7 17.Bc2 Bd7 18.Bb3 Qe5
19.Bd2 Nd6 20.Rad1 Ne4 21.Be1 Bc6 22.c4 Nc5 23.Nf3 Qe8 24.cxd5
Bb5 25.Bc4 Bxc4 26.Qxc4 Rc8 27.d6+ Kh8 28.Qd5 Qd7 29.Bb4 Na4
30.Rd2 Bh6 31.Re2 Nb6 32.Qd3 Rfd8 33.Nd2 Qe6 34.Ne4 Nd5 35.Qd4
Bg7 36.Nc5 {?} Qxd6 37.Rd1 Qb6 38.Red2 Bh6 39.Re1 Nxb4 40.Nd7
Qxd4 41.Rxd4 Nc2 42.Nxf6 Nxe1 43.Re4 Bg5 44.Ng4 Re8 45.Rb4 Rc7
46.Kf1 Nc2 47.Rb3 Nxe3+ 0-1

[Event "Washington Open Championship"]
[Site "SeaTac City, WA"]
[Date "2012.05.26"]
[Round "1"]
[White "Fistte Robert  (OR)"]
[Black "Hadzic Huso  (WA)"]
[Result "0-1"]
[WhiteElo "1961"]
[BlackElo "2202"]
[Annotator ""]
[Source ""]
[Remark "Open"]

1.e4 Nf6 2.e5 Nd5 3.d4 d6 4.Nf3 Bg4 5.Be2 e6 6.O-O Be7 7.h3 Bh5
8.c4 Nb6 9.exd6 cxd6 10.Bf4 O-O 11.Nc3 d5 12.c5 N6d7 13.b4 a6
14.a4 Nc6 15.Rb1 Bf6 16.g4 Bg6 17.b5 axb5 18.axb5 Nxd4 19.Nxd4
Nxc5 20.Bg3 Bxb1 21.Nxb1 Ne4 22.Bh2 Ra1 23.Nf3 Nc3 24.Qd3 Nxe2+
25.Qxe2 Qb6 26.Ne5 Rd8 27.Nd2 Rxf1+ 28.Kxf1 Qc5 29.Ndf3 Qb4 30.Qd3
Qe4 31.b6 Bxe5 32.Nxe5 Qh1+ 33.Bg1 Rc8 34.Qe3 f6 35.Nc4 Rc6 36.Na5
d4 37.Qxd4 Rc1+ 38.Ke2 Rxg1 39.Qd8+ Kf7 40.Qd7+ Kg6 41.Qd3+ Kh6
42.Qd2+ g5 43.Qb4 Kg6 44.Qa4 Kg7 45.Qd7+ Kh6 46.Qf7 Qe4+ 47.Kd2
Qd4+ 48.Kc2 Qxf2+ 49.Kc3 Rc1+ 50.Kd3 Qc2+ 0-1

[Event "Washington Open Championship"]
[Site "SeaTac City, WA"]
[Date "2012.05.26"]
[Round "1"]
[White "Xing Casey  (WA)"]
[Black "Collyer Curt  (WA)"]
[Result "1/2-1/2"]
[WhiteElo "1784"]
[BlackElo "2254"]
[Annotator ""]
[Source ""]
[Remark "Open"]

1.d4 e6 2.c4 f5 3.Nc3 Nf6 4.Bg5 Bb4 5.Qc2 h6 6.Bxf6 Qxf6 7.e3
O-O 8.g3 ( 8.g3 d6 9.Nge2 Nd7 10.Bg2 c6 11.a3 Ba5 12.b4 Bc7 13.O-O
a5 14.e4 e5 15.d5 c5 16.exf5 axb4 17.Nb5 Bb8 18.axb4 Rxa1 19.Rxa1
Qxf5 20.Qxf5 Rxf5 21.bxc5 dxc5 22.Nec3 Nb6 23.d6 Rf8 24.Rd1 Rd8
25.Rd2 Nxc4 26.Bd5+ Kf8 27.Bxc4 Bh3 28.Ne4 b6 29.f4 exf4 30.Rf2
Ke8 {1-0, Bakunina Albina (RUS) - Martynova Anastasiya (RUS), Dagomys (Russia) 2004.04}
) d6 9.O-O-O c6 10.Bg2 Nd7 11.Nge2 d5 12.cxd5 cxd5 13.Qb3 Bd6
14.Kb1 Nb6 15.Nb5 Bb8 16.Nf4 Bd7 17.Nd3 Bc6 18.Rc1 Nc4 19.Rhd1
Qe7 20.Bf1 Bxb5 21.Qxb5 a6 22.Qb3 Bd6 23.Nf4 Bxf4 24.exf4 b5
25.Bxc4 bxc4 26.Qe3 Rab8 27.Rc3 Rb6 28.Ka1 Rfb8 29.Rb1 Qb7 30.Qd2
Kh8 31.h4 Rb4 32.Ra3 Qb6 33.Qc3 Qb5 34.Qc2 Rb6 35.Qc3 Rb8 36.Qc2
Qc6 37.Qd2 R8b5 38.Qc3 Qd6 39.Qe3 Kh7 40.Qc3 Qc6 41.Qd2 Rb8 42.Qc2
Kh8 43.Qd2 Qb6 44.Qc3 a5 45.f3 Qb5 46.Qc2 Rb7 47.Qd2 Ra4 48.Rc3
Qb4 49.Qc2 Rb8 50.Rd1 Qb6 51.Rd2 Rb4 52.Qc1 Ra8 53.Qc2 Qb5 1/2-1/2

[Event "Washington Open Championship"]
[Site "SeaTac City, WA"]
[Date "2012.05.26"]
[Round "1"]
[White "Chakkoli Shiva  (WA)"]
[Black "Roper David  (WA)"]
[Result "0-1"]
[WhiteElo "2058"]
[BlackElo "2360"]
[Annotator ""]
[Source ""]
[Remark "Open"]

1.e4 c5 2.Nf3 e6 3.c4 a6 4.Nc3 Qc7 5.Be2 Nf6 6.h3 d6 7.O-O b6
8.d4 cxd4 9.Nxd4 Bb7 10.Bd3 Nbd7 11.Qa4 Be7 12.Be3 O-O 13.Qc2
Rac8 14.Rac1 Nc5 15.b3 Rfd8 16.f3 Nxd3 17.Qxd3 Nd7 18.Nde2 Qb8
19.Bf2 Bc6 20.Nd4 Ba8 21.Qe3 Re8 22.Rfd1 Bd8 23.Kh1 Bc7 24.Qg5
Nf6 25.Nd5 Bd8 26.Nxf6+ Bxf6 27.Qg3 b5 28.Ne2 Be5 29.f4 Bf6 30.cxb5
axb5 31.Qd3 Qb7 32.Nd4 Rxc1 33.Rxc1 Bxd4 34.Bxd4 Qxe4 35.Qd2
h6 36.Ba1 f6 37.Qf2 Qd3 38.Kh2 Bd5 39.Rc7 Qg6 40.Ra7 Rc8 41.Qg3
Qxg3+ 42.Kxg3 Rc2 43.a4 Rxg2+ 44.Kh4 bxa4 45.bxa4 Bf3 0-1

[Event "Washington Open Championship"]
[Site "SeaTac City, WA"]
[Date "2012.05.26"]
[Round "2"]
[White "Jacobson Laura  (WA)"]
[Black "Gulamali Freya  (WA)"]
[Result "0-1"]
[WhiteElo "889"]
[BlackElo "1149"]
[Annotator ""]
[Source ""]
[Remark "Booster"]

1.d4 d5 2.c4 c6 3.Nc3 Nf6 4.Bg5 Nbd7 5.Qc2 e6 6.e3 Bb4 7.Nf3
Qa5 8.c5 Ne4 9.Rc1 Qxa2 10.Bd3 Bxc3+ 11.bxc3 Qxc2 12.Rxc2 Nxg5
13.Nxg5 Nf6 14.O-O h6 15.Nf3 O-O 16.Rb1 Re8 17.Ne5 Re7 18.c4
Rc7 19.cxd5 exd5 20.Rcb2 Rb8 21.Bc2 a6 22.Ba4 Ra8 23.Rb6 Nd7
24.Nxd7 Rxd7 25.e4 dxe4 26.d5 Rxd5 27.h3 Rxc5 28.Bd1 Rb5 29.R6xb5
axb5 30.Bc2 f5 31.Re1 b4 32.f3 exf3 33.Re8+ Kf7 34.Rd8 Ke7 35.Rh8
fxg2 36.Bxf5 Ra1+ 37.Kxg2 Bxf5 0-1

[Event "Washington Open Championship"]
[Site "SeaTac City, WA"]
[Date "2012.05.26"]
[Round "4"]
[White "Collyer Curt  (WA)"]
[Black "Wang Michael  (WA)"]
[Result "1-0"]
[WhiteElo "2254"]
[BlackElo "2128"]
[Annotator ""]
[Source ""]
[Remark "Open"]

1.d4 d5 2.c4 c6 3.cxd5 cxd5 4.Nf3 Nf6 5.Nc3 Nc6 6.Bf4 Bf5 7.e3
a6 8.Rc1 Rc8 9.Ne5 e6 10.Qb3 Nxe5 11.Bxe5 b5 12.a4
( 12.a4 Ne4 13.axb5 f6 14.Bg3 Qa5 15.b6 Nxg3 16.hxg3 Bb4 17.Be2
Qxb6 18.Qa4+ Ke7 19.Qxa6 {1/2-1/2, Lakdawala Cyrus (USA) 2434 - Rey Guillermo (USA) 2378, San Francisco (USA) 2000}
) Ne4 13.f3 Nxc3 14.Rxc3 f6 15.Bg3 b4 16.Rxc8 Qxc8 17.Kd2 Kd7
18.a5 Qc6 19.Be2 Bd6 20.Rc1 Qb7 21.Qa4+ Ke7 22.Qc6 Qxc6 23.Rxc6
e5 24.dxe5 fxe5 25.Bh4+ Kd7 26.Rxa6 Rb8 27.Ra7+ Bc7 28.Bg3 Kc6
29.Rxc7+ Kxc7 30.Bxe5+ Kb7 31.Bxb8 Kxb8 32.Bd3 1-0

[Event "Washington Open Championship"]
[Site "SeaTac City, WA"]
[Date "2012.05.26"]
[Round "3"]
[White "Roper David  (WA)"]
[Black "Sen Samir  (WA)"]
[Result "1/2-1/2"]
[WhiteElo "2360"]
[BlackElo "2067"]
[Annotator ""]
[Source ""]
[Remark "Open"]

1.e4 c5 2.Nf3 Nc6 3.d4 cxd4 4.Nxd4 Nf6 5.Nc3 e5 6.Ndb5 h6 7.Nd5
Nxd5 8.exd5 a6 9.dxc6 axb5 10.cxd7+ Bxd7 11.Be3 Be7 12.a3 O-O
13.c3 Qc7 14.Be2 Bc6 15.O-O Rad8 16.Qb3 Qa5 17.Rfd1 Qa4 18.Qxa4
bxa4 19.Bb6 Rc8 20.Rd2 Bg5 21.Rd6 Be7 22.Rd2 Bg5 23.Rdd1 Kh7
24.Bc5 Rfd8 25.Bb6 Rf8 26.Bc5 1/2-1/2